Rockstar - Post Malone & 21 Savage Lyrics - Statistics

General Stats
  • This quiz has been taken 34 times
  • The average score is 229 of 464
Answer Stats
Lyrics % Correct
a
100%
a...
100%
I
100%
lik
100%
rock-
100%
feel
96%
Feel
96%
like
96%
like,
96%
rockstar
96%
rockstar,
96%
Rockstar
96%
Rockstar,
96%
be
93%
and
89%
And
89%
just
89%
fuckin'
85%
Fuckin'
85%
been
81%
go
81%
hoes
81%
I've
81%
poppin'
81%
Man,
78%
man,
78%
man
78%
the
78%
pillies
74%
All
70%
all
70%
got
70%
my
67%
(Star,
63%
Star,
63%
star,
63%
star
63%
on
59%
in
56%
that
56%
that?
56%
that?)
56%
I'm
52%
"i'm
52%
no
52%
"¡No
52%
smokin'
52%
they
48%
They
48%
you
48%
car
44%
(Car,
44%
Feelin'
44%
(Yeah,
44%
yeah,
44%
yeah)
44%
brothers
41%
homies
41%
superstars
41%
always
37%
cop
37%
gas
37%
Hills
37%
me,
37%
me
37%
popstar
37%
Rasta
37%
show
37%
When
37%
with
37%
Ayy,
33%
ayy
33%
ayy,
33%
ayy)
33%
(Ayy,
33%
(Ayy)
33%
make
33%
pull
33%
them
33%
thing
33%
up
33%
up,
33%
why
33%
12
30%
bitches
30%
cars?"
30%
Cocaine
30%
friend
30%
garage
30%
hard
30%
only
30%
to
30%
Uzi
30%
your
30%
Your
30%
ain't
26%
bad
26%
damn
26%
don't
26%
Drankin'
26%
give
26%
God
26%
is
26%
jumpin'
26%
Montage
26%
out
26%
"Savage,
26%
six
26%
back
22%
back,
22%
band"
22%
block
22%
bra
22%
(Bra)
22%
get
22%
Henny,
22%
lookin'
22%
Now
22%
now
22%
of
22%
peace
22%
pool
22%
"Rest
22%
say
22%
She
22%
she
22%
shottas
22%
table,
22%
Tank
22%
Act
19%
black
19%
call
19%
Dude,
19%
fire
19%
fool
19%
groupie,
19%
más!"
19%
Pop-Tart,
19%
tryna
19%
we
19%
actin'
15%
are
15%
at?"
15%
brought
15%
came
15%
from
15%
girlfriend
15%
know
15%
leave
15%
Livin'
15%
livin'
15%
not
15%
pants
15%
sayin',
15%
Sayin',
15%
Shit
15%
stage
15%
than
15%
Threw
15%
TV
15%
was
15%
window
15%
ask
11%
blowin'
11%
grab
11%
Green
11%
her
11%
Hit
11%
Hundred
11%
L.A.
11%
legendary
11%
light
11%
liquor
11%
pourin',
11%
Prolly
11%
pullin'
11%
screamin'
11%
smash
11%
smoke
11%
snack
11%
snack)
11%
Switch
11%
trap
11%
whip,
11%
whole
11%
wifey
11%
Bon
7%
Close
7%
coke
7%
door,
7%
how
7%
kiss
7%
(Kiss
7%
'member
7%
Morrison
7%
outta
7%
pocket,
7%
racks
7%
racks)
7%
safe,
7%
Scott"
7%
(Scott,
7%
startin'
7%
Sweeter
7%
tracks
7%
trailer
7%
used
7%
"Where
7%
askin',
4%
(Big
4%
cakin',
4%
hundreds
4%
old
4%
(Old
4%
chart,
0%
done
0%
feel just
0%
hot
0%
made
0%
No matching quizzes found
Score Distribution
Percent of People with Each Score
Percentile by Number Answered
Your Score History
You have not taken this quiz